Footballers who Represent Countries they weren't born in: Historical - Statistics

General Stats
  • This quiz has been taken 28 times
  • The average score is 11 of 20
Answer Stats
Player Represented Country Birth Nation % Correct
Miroslav Klose Germany Poland
95%
Deco Portugal Brazil
90%
Eduardo da Silva Croatia Brazil
90%
Clarence Seedorf Netherlands Suriname
81%
Marouane Chamakh Morocco France
76%
Hamit Altıntop Turkey Germany
71%
Eusébio Portugal Mozambique
71%
Freddy Adu United States Ghana
67%
Niko Kovač Croatia Germany
62%
Mbo Mpenza Belgium Democratic Republic of the Congo
52%
Owen Hargreaves England Canada
48%
Gonzalo Higuaín Argentina France
48%
Jermaine Jones United States Germany
43%
Patrick Vieira France Senegal
38%
Kevin Kurányi Germany Brazil
33%
Shaka Hislop Trinidad & Tobago England
33%
Marcel Desailly France Ghana
29%
Claudio Gentile Italy Libya
24%
John Barnes England Jamaica
19%
Ola John Netherlands Liberia
10%
No matching quizzes found
Score Distribution
Percent of People with Each Score
Percentile by Number Answered
Your Score History
You have not taken this quiz